01272aab a2200217 4500001001000000003001000010005001700020008004100037022001400078040004100092041000800133100002800141245006400169300006100233520060200294650002300896773009800919942000801017945001201025999001701037768714001CO-MdFUSB20240627165811.0170525s2001 cr ||||| |||| 00| 0 spa d a1409-1968 aCO-MdFUSBbspacCO-MdFUSBdCO-MdFUSB aspa1 aHormachea, Davideautor13aEl gran avivamiento comienzo en el hogarc/ David Hormachea aVolumen 19. Número 1 (2001), páginas 11-18c: 27 cm. aUno de los grandes impedimentos para relacionarnos saludablemente con Dios es la relación conyugal enfermiza. Dios no acepta nuestra devoción cuando en nuestro matrimonio tenemos una mala relación. El gran avivamiento no comenzará al tener buenas oraciones y ayunos formales, pues no comienza en las reuniones emocionales sino en el reconocimiento de nuestras faltas, la confesión de nuestros pecados y en el cambio de comportamiento que nos permita tener relaciones conyugales saludables. Usted y yo podemos ser instrumentos de bendición para nuestra familia, congregación y país. 0aVida cristiana9190 tApuntes Pastorales049442960159gVolumen 19. Número 1 (2001), páginas 11-18qPágina 11 cANA aJTF-925 c60249d60249